000 00703nam a2200181Ia 4500
003 GCL
008 140319s9999 xx 000 0 ara d
040 _aGCL /
_cGCL
082 0 4 _a907.2
_bح ت
100 1 _aحسين مؤنس
245 1 0 _aالتاريخ والمؤرخون :
_bدراسة فى علم التاريخ ماهيتة وموضوعاتة ومذاهبة ومدارسة عند اهل الغرب واعلام كل مدرسة وبحث فى فلسفة التاريخ ومدخل الى فقة التاريخ /
_cحسين مؤنس
300 _a252 ص
490 _a
650 0 4 _aالتاريخ
650 0 4 _aالتأريخ
650 0 4 _aالمؤرخون الاوربيون
942 _2ddc
_cBK
999 _c40305
_d40305